<?xml version="1.0" encoding="UTF-8"?>
<record
    xmlns:xsi="http://www.w3.org/2001/XMLSchema-instance"
    xsi:schemaLocation="http://www.loc.gov/MARC21/slim http://www.loc.gov/standards/marcxml/schema/MARC21slim.xsd"
    xmlns="http://www.loc.gov/MARC21/slim">

  <leader>00178nam a2200073Ia 4500</leader>
  <controlfield tag="008">170617s9999    xx            000 0 und d</controlfield>
  <datafield tag="100" ind1=" " ind2=" ">
    <subfield code="a">Piaggio-H.T.H</subfield>
  </datafield>
  <datafield tag="245" ind1=" " ind2="0">
    <subfield code="a">Differential Equations</subfield>
  </datafield>
  <datafield tag="260" ind1=" " ind2=" ">
    <subfield code="b">Mumbai-Source</subfield>
  </datafield>
  <datafield tag="999" ind1=" " ind2=" ">
    <subfield code="c">14712</subfield>
    <subfield code="d">14712</subfield>
  </datafield>
  <datafield tag="952" ind1=" " ind2=" ">
    <subfield code="0">0</subfield>
    <subfield code="1">0</subfield>
    <subfield code="2">ddc</subfield>
    <subfield code="4">0</subfield>
    <subfield code="7">0</subfield>
    <subfield code="a">02</subfield>
    <subfield code="b">02</subfield>
    <subfield code="d">2017-06-22</subfield>
    <subfield code="e">1</subfield>
    <subfield code="g">100.00</subfield>
    <subfield code="p">02-B-403</subfield>
    <subfield code="r">2017-06-22</subfield>
    <subfield code="w">2017-06-22</subfield>
    <subfield code="y">06</subfield>
  </datafield>
  <datafield tag="952" ind1=" " ind2=" ">
    <subfield code="0">0</subfield>
    <subfield code="1">0</subfield>
    <subfield code="2">ddc</subfield>
    <subfield code="4">0</subfield>
    <subfield code="7">0</subfield>
    <subfield code="a">02</subfield>
    <subfield code="b">02</subfield>
    <subfield code="d">2017-06-22</subfield>
    <subfield code="e">1</subfield>
    <subfield code="g">100.00</subfield>
    <subfield code="l">0</subfield>
    <subfield code="p">02-B-404</subfield>
    <subfield code="r">2017-06-22</subfield>
    <subfield code="w">2017-06-22</subfield>
    <subfield code="y">01</subfield>
  </datafield>
  <datafield tag="952" ind1=" " ind2=" ">
    <subfield code="0">0</subfield>
    <subfield code="1">0</subfield>
    <subfield code="2">ddc</subfield>
    <subfield code="4">0</subfield>
    <subfield code="7">0</subfield>
    <subfield code="a">02</subfield>
    <subfield code="b">02</subfield>
    <subfield code="d">2017-06-22</subfield>
    <subfield code="e">1</subfield>
    <subfield code="g">100.00</subfield>
    <subfield code="l">0</subfield>
    <subfield code="p">02-B-405</subfield>
    <subfield code="r">2017-06-22</subfield>
    <subfield code="w">2017-06-22</subfield>
    <subfield code="y">01</subfield>
  </datafield>
  <datafield tag="952" ind1=" " ind2=" ">
    <subfield code="0">0</subfield>
    <subfield code="1">0</subfield>
    <subfield code="2">ddc</subfield>
    <subfield code="4">0</subfield>
    <subfield code="7">0</subfield>
    <subfield code="a">02</subfield>
    <subfield code="b">02</subfield>
    <subfield code="d">2017-06-22</subfield>
    <subfield code="e">1</subfield>
    <subfield code="g">100.00</subfield>
    <subfield code="l">0</subfield>
    <subfield code="p">02-B-406</subfield>
    <subfield code="r">2017-06-22</subfield>
    <subfield code="w">2017-06-22</subfield>
    <subfield code="y">01</subfield>
  </datafield>
  <datafield tag="952" ind1=" " ind2=" ">
    <subfield code="0">0</subfield>
    <subfield code="1">0</subfield>
    <subfield code="2">ddc</subfield>
    <subfield code="4">0</subfield>
    <subfield code="7">0</subfield>
    <subfield code="a">02</subfield>
    <subfield code="b">02</subfield>
    <subfield code="d">2017-06-22</subfield>
    <subfield code="e">1</subfield>
    <subfield code="g">100.00</subfield>
    <subfield code="l">0</subfield>
    <subfield code="p">02-B-407</subfield>
    <subfield code="r">2017-06-22</subfield>
    <subfield code="w">2017-06-22</subfield>
    <subfield code="y">01</subfield>
  </datafield>
  <datafield tag="952" ind1=" " ind2=" ">
    <subfield code="0">0</subfield>
    <subfield code="1">0</subfield>
    <subfield code="2">ddc</subfield>
    <subfield code="4">0</subfield>
    <subfield code="7">0</subfield>
    <subfield code="a">02</subfield>
    <subfield code="b">02</subfield>
    <subfield code="d">2017-06-22</subfield>
    <subfield code="e">1</subfield>
    <subfield code="g">100.00</subfield>
    <subfield code="l">0</subfield>
    <subfield code="p">02-B-408</subfield>
    <subfield code="r">2017-06-22</subfield>
    <subfield code="w">2017-06-22</subfield>
    <subfield code="y">01</subfield>
  </datafield>
  <datafield tag="952" ind1=" " ind2=" ">
    <subfield code="0">0</subfield>
    <subfield code="1">0</subfield>
    <subfield code="2">ddc</subfield>
    <subfield code="4">0</subfield>
    <subfield code="7">0</subfield>
    <subfield code="a">02</subfield>
    <subfield code="b">02</subfield>
    <subfield code="d">2017-06-22</subfield>
    <subfield code="e">1</subfield>
    <subfield code="g">100.00</subfield>
    <subfield code="l">0</subfield>
    <subfield code="p">02-B-409</subfield>
    <subfield code="r">2017-06-22</subfield>
    <subfield code="w">2017-06-22</subfield>
    <subfield code="y">01</subfield>
  </datafield>
  <datafield tag="952" ind1=" " ind2=" ">
    <subfield code="0">0</subfield>
    <subfield code="1">0</subfield>
    <subfield code="2">ddc</subfield>
    <subfield code="4">0</subfield>
    <subfield code="7">0</subfield>
    <subfield code="a">02</subfield>
    <subfield code="b">02</subfield>
    <subfield code="d">2017-06-22</subfield>
    <subfield code="e">1</subfield>
    <subfield code="g">100.00</subfield>
    <subfield code="l">0</subfield>
    <subfield code="p">02-B-410</subfield>
    <subfield code="r">2017-06-22</subfield>
    <subfield code="w">2017-06-22</subfield>
    <subfield code="y">01</subfield>
  </datafield>
  <datafield tag="952" ind1=" " ind2=" ">
    <subfield code="0">0</subfield>
    <subfield code="1">0</subfield>
    <subfield code="2">ddc</subfield>
    <subfield code="4">0</subfield>
    <subfield code="7">0</subfield>
    <subfield code="a">02</subfield>
    <subfield code="b">02</subfield>
    <subfield code="d">2017-06-22</subfield>
    <subfield code="e">1</subfield>
    <subfield code="g">100.00</subfield>
    <subfield code="l">0</subfield>
    <subfield code="p">02-B-411</subfield>
    <subfield code="r">2017-06-22</subfield>
    <subfield code="w">2017-06-22</subfield>
    <subfield code="y">01</subfield>
  </datafield>
  <datafield tag="952" ind1=" " ind2=" ">
    <subfield code="0">0</subfield>
    <subfield code="1">0</subfield>
    <subfield code="2">ddc</subfield>
    <subfield code="4">0</subfield>
    <subfield code="7">0</subfield>
    <subfield code="a">02</subfield>
    <subfield code="b">02</subfield>
    <subfield code="d">2017-06-22</subfield>
    <subfield code="e">1</subfield>
    <subfield code="g">100.00</subfield>
    <subfield code="l">0</subfield>
    <subfield code="p">02-B-412</subfield>
    <subfield code="r">2017-06-22</subfield>
    <subfield code="w">2017-06-22</subfield>
    <subfield code="y">01</subfield>
  </datafield>
</record>
